000 00640nam a2200217Ia 4500
005 20250508164112.0
008 008 250505s9999 xx 000 0 hin d
037 _aTextBook
040 _aFEDL
_beng
_cFEDL
041 _ahin
_2eng
084 _a370.193, HOR
_qFEDL
100 _aHorton Mails
_9777327
245 0 _aChalkar rah bnate hum : Shiksha aur samajik parivartan per vartalap
260 _aNew Delhi, India
_bPrakashan Sansthan
_c2003
300 _axvi,188p
365 _aINR
_b250
650 _aEducation-Sociology
700 _a Frey Paolo
_9777328
942 _cTB
_h370.193, HOR
999 _c1387065
_d1387065